00380 a2200121 450000100060000004000220000624000350002824500330006365000370009694200070013395201010014099900170024166230 cAnchieta - Pituba10aFestival de redação 2014l10aFestival de redação 2014 4aLínguas espanhola e portuguesa cMX 00104070a91.1b91.1d2023-11-21l0o460 FESp21011/PITr2023-11-21 18:34:29w2023-11-21yMX c66230d66230